• 首页
  • 本馆介绍
  • 公告通知
  • 最新文献
  • 馆藏检索
  • 电子资源
  • 读者导购
  • 参考咨询
  • 我的图书馆
  • 登录
  • 详细信息显示
  • 放入我的书架
  • 预约/预借图书
  • 作者相关作品
  • 分类相关作品
  • 丛书相关作品
  • 出版社相关作品

书目信息

  • 表格格式
  • 工作单格式
  • 卡片格式
题名:
化工生产流程图解
    
 
作者: ;化学工业出版社 , 化学工业出版社 编
分册: 下册  
出版信息: 北京   化学工业出版社  1985
页数: 705页
开本: 24cm
丛书名:
单 册:
中图分类: TQ062
科图分类:
主题词: 化工过程:生产过程 , 化工产品--后处理 , 化工产品--包装
电子资源:
ISBN: 7-5025-0209-2
000 00757nam0 2200253 45
001 0181011253
005 20070719115928.56
010    @dCNY21.00@a7-5025-0209-2
100    @a20810111d1985 km y0chiy0120 ea
101 0  @achi
102    @aCN@b110000
105    @aa z 000yy
200 1  @a化工生产流程图解@AHua Gong Sheng Chan Liu Cheng Tu Jie@f化学工业出版社组织编写@h下册
205    @a增订2版
210    @a北京@c化学工业出版社@d1985
215    @a705页@c图表@d24cm
606 0  @a化工过程:生产过程
606 0  @a化工产品@x后处理
606 0  @a化工产品@x包装
690    @aTQ062
711 02 @a化学工业出版社@4编
711 02 @a化学工业出版社@Ahua xue gong ye chu ban she@4组织编写
801    @aCN@bTSTC@c20070719
905    @dTQ062@f7@b122080-086@e14:2=2
    
    化工生产流程图解/化学工业出版社组织编写.下册.-增订2版.-北京:化学工业出版社,1985
    705页:图表;24cm
    
    
    ISBN 7-5025-0209-2:CNY21.00
    
●
相关链接 在E读中查询图书 在五车中查询图书 在当当中查询图书 在豆瓣中查询图书


正题名:化工生产流程图解     索取号:TQ062/14:2=2         预约/预借

序号 登录号 条形码 馆藏地/架位号 状态 备注
1 0768481   207684816   第二样本阅览室/ [索取号:TQ062/14:2=2] 在馆    
唐山师范学院图书馆 欢迎您!
大连网信软件有限公司© 版权所有